Представление документа в формате RUSMARC

ПолеНазваниеЗначение
  Тип записи a
  Библиографический уровень m
001 Контрольный номер UONB/MAIN/7d7f2f9566dc48029341167940384511
005 Дата корректировки 20250203120423.0
010 Индекс ISBN __
b Уточнения в пер.
d Цена 65 к.
9 Тираж 5700 экз.
100 Данные общей обработки __
a Данные общей обработки 20250203d1985 u y0rusy0189 ca
101 Язык документа 0_
a Язык текста rus
102 Страна публикации __
a Страна публикации RU
105 Кодированные данные (монография) __
a Кодированные данные (монография) a z 001yy
200 Заглавие и сведения об ответственности 1_
a Заглавие Цифровые электромеханические системы
f Первые сведения об ответственности В. Г. Каган, Ю.Д. Бери, Б. И. Акимов, А. А. Хрычев
203 Вид содержания и тип средства __
a Вид содержания Текст
b Характеристика содержания визуальный
c Тип средства непосредственный
210 Выходные данные 1_
a Место издания Москва
c Издательство Энергоатомиздат
d Дата издания 1985
215 Физическое описание __
a Объем 208 с.
c Иллюстрации/тип воспроизводства ил.
d Формат 20 см
320 Библиография __
a Библиография Библиогр.: с. 203-205
606 Тематические рубрики 0_
a Основная рубрика Автоматизированные системы управления
610 Ключевые слова 0_
a Ключевые слова цифровые системы управления; цифровые системы; электромеханические системы; автоматизированные системы
675 Индекс УДК __
a Индекс УДК 6П2.154.253
686 Индексы других классификаций __
a Классификационный индекс 32.96
2 Код системы rubbk
701 Альтернативная интеллектуальная ответственность _1
a Фамилия Каган
b Имя (инициалы) В. Г.
g Полное личное имя Валерий Геннадьевич
701 Альтернативная интеллектуальная ответственность _1
a Фамилия Бери
b Имя (инициалы) Ю.Д.
701 Альтернативная интеллектуальная ответственность _1
a Фамилия Акимов
b Имя (инициалы) Б. И.
701 Альтернативная интеллектуальная ответственность _1
a Фамилия Хрычев
b Имя (инициалы) А. А.
801 Источник записи _0
a Страна RU
b Организация Ульяновская ОНБ
c Дата составления 20250203
g Правила каталогизации RCR
801 Источник записи _1
a Страна RU
b Организация Ульяновская ОНБ
c Дата составления 20250203
g Правила каталогизации RCR
901 Тип документа __
t Тип документа m
909 Создатель записи __
a Создатель записи Горбункова
b Дата создания записи 20250203